Tolondron. Speeches to John Bowle about his edition of Don Quixote, together with some account of Spanish literature, by Joseph Baretti.

Bibliographic Details
Main Author: Baretti, Giuseppe, 1719-1789
Format: eBook
Language:English
Series:Eighteenth century collections online.
Online Access:Full text online

MARC

Tag First Indicator Second Indicator Subfields
LEADER 00000cam a2200000 4500
001 in00001945913
006 m | d |
007 cr |n||||||||n
008 791208s1786 enk|||| s 00| ||eng d
005 20260403180838.8
035 |a (CStRLIN)ESTCT83914 
040 |a Uk-ES  |c Uk-ES  |d CStRLIN  |d Thomson Gale  |d UtOrBLW 
100 1 |a Baretti, Giuseppe,  |d 1719-1789. 
245 1 0 |a Tolondron. Speeches to John Bowle about his edition of Don Quixote, together with some account of Spanish literature, by Joseph Baretti. 
264 3 |a London :  |b printed for R. Faulder,  |c 1786. 
300 |a 2 unnumbered pages, iv, 1 unnumbered page, 4-338p. ;  |c 8⁰. 
336 |a text  |b txt  |2 rdacontent 
337 |a computer  |b c  |2 rdamedia 
338 |a online resource  |b cr  |2 rdacarrier 
500 |a With a half-title - A single leaf, pp.[iii]-iv, has been inserted between A1 and A2. 
500 |a Reproduction of original from the British Library. 
510 4 |a English Short Title Catalog,  |c ESTCT83914. 
533 |a Electronic reproduction.  |b Farmington Hills, Mich. :  |c Thomson Gale,  |d 2003.  |n Available via the World Wide Web.  |n Access limited by licensing agreements  |7 s2003 miunns 
500 |a Electronic resource. 
830 0 |a Eighteenth century collections online. 
856 4 0 |u http://proxy.library.tamu.edu/login?url=https://galenet.galegroup.com/servlet/ECCO?c=1&stp=Author&ste=11&af=BN&ae=T083914&tiPG=1&dd=0&dc=flc&docNum=CW113762310&vrsn=1.0&srchtp=a&d4=0.33&n=10&SU=0LRK&locID=txshracd2898  |z Full text online  |t 0 
999 |a MARS 
999 f f |s f3686f9b-dcdb-3a84-a4ea-217726c3cf61  |i e2e87926-6d08-35ee-94d7-c7e60e5ef78b  |t 0 
952 f f |a Texas A&M University  |b College Station  |c Electronic Resources  |s www_evans  |d Available Online  |t 0  |h No information provided 
998 f f |t 0  |l Available Online